000
00231 a2200097 4500
001
13808
100
_a
Halmos P R
245
_a
A Hillilbert Space Problem Book
260
_a
London
_b
D Van Nostrand Co. Ltd
_c
090
_c
10791
_d
10791
942
_a
NUST-CAE
_c
M
_c
882
999
_c
248881
_d
248881